| 000 | 00342nam a2200145Ia 4500 | ||
|---|---|---|---|
| 008 | 191201s2011 xx 000 0 und d | ||
| 082 |
_a658.15 _bDWM |
||
| 100 | _aDWIVEDI, D.N | ||
| 245 | 0 | _aManagerial Economics | |
| 250 | _aRep | ||
| 260 |
_aN.Delhi _bVikas Publication House _c2011 |
||
| 300 | _a704 | ||
| 650 | _aMBA | ||
| 942 |
_2ddc _cBK _02 |
||
| 999 |
_c5356 _d5356 |
||